Information Systems Project Management (Record no. 1435)

MARC details
000 -LEADER
fixed length control field 00442nam a22001697a 4500
005 - DATE AND TIME OF LATEST TRANSACTION
control field 20160523122246.0
008 - FIXED-LENGTH DATA ELEMENTS--GENERAL INFORMATION
fixed length control field 160523b xxu||||| |||| 00| 0 eng d
020 ## - INTERNATIONAL STANDARD BOOK NUMBER
ISBN 81-297-0323-8
041 ## - LANGUAGE CODE
Language code of text/sound track or separate title eng
082 ## - DEWEY DECIMAL CLASSIFICATION NUMBER
Item number 4226
100 ## - MAIN ENTRY--AUTHOR NAME
Personal name Mc Manus, John Harper Wood Treour
245 ## - TITLE STATEMENT
Title Information Systems Project Management
260 ## - PUBLICATION, DISTRIBUTION, ETC. (IMPRINT)
Place of publication New Delhi
Name of publisher Academic Faundation
Year of publication 2004
300 ## - PHYSICAL DESCRIPTION
Number of Pages 287
650 ## - SUBJECT ADDED ENTRY--TOPICAL TERM
Topical Term Management
942 ## - ADDED ENTRY ELEMENTS (KOHA)
Koha item type Books
Holdings
Lost status Damaged status Collection code Home library Current library Shelving location Date acquired Cost, normal purchase price Full call number Accession Number Koha item type
    MANAGEMENT JRU Library JRU Library SHELF- 69 F 23/05/2016 295.00 4226 4226 Books
    MANAGEMENT JRU Library JRU Library SHELF- 69 F 23/05/2016 295.00 4226 4227 Books
    Reference JRU Library   SHELF-29-A 23/05/2016 295.00 4226 4228 Books